00769nam a22002297a 450000500170000001000130001702000220003003500130005203700160006504000120008108200110009310000340010424500510013826000320018927000500022130000200027165000290029165000200032094200200034099900190036095201600037920170124110113.0 aA-456632 c60.00a8185513007 aA-456632 bCen Lib/Ret aDPLbEN aSbBAN aBandyopadhyay, Pranab 923163 aTales from kalidas /cby Pranab Bandyopadhyay  bBook Club aCalcutta c1991 bCalcutta a3,middleton row, flat h-10e700071 a107p.c19cm(Hb) aIndic Literature 929466 aStories 97500 2ddccENhSmBAN c130542d130542 04104070aLbLd2015-07-09eCen Lib/Retg60.00l0oS BANpA-456632r2015-07-09 00:00:00t1v60.00w2015-07-09yENzW/d List No. 6862/12 ; dtd 06/08/2020